000 00931nam a22001817a 4500
003 IT-RoPau
005 20220918175939.0
008 130201b xxu||||| |||| 00| 0 eng d
040 _cIT-RoPau
100 _aChiesa, Francesco
_9331
245 _aDall'alto del Monte Oliveto
_b(Lezioni di Religione)
250 _aI
260 _aAlba
_bPSSP
_c1928
300 _a299 p.
_c18,5 cm
490 _vI
520 _aIndice Prefazione Lezione I. Quadro sintetico della storia universale >> II. Credo e fede >> III. L'arca della salute >> IV. Morale >> V. Comandamenti e precetti >> VI. Grazia >> VII. Miracolo perenne >> VIII. Liturgia >> IX. Arte sacra >> X. Storia sacra >> XI. Storia ecclesiastica >> XII. L'avvenire della Chiesa nella visione apocalittica di S. Giovanni
942 _2ddc
_cBK
999 _c37936
_d37936